000 00600nas a22002177i 4500
001 5775
003 OSt
005 20170126082349.0
007 tu
008 161220s xxu||||| |||| 00| 0 d
022 _a1465-6493
024 7 _a5775
_2RID
024 7 _a5775
_2RSN (alt)
040 _cOSt
100 1 _aHomburg, Stefan
_eEd.
245 0 0 _aPerspektiven der Wirtschaftspolitik
_bEine Zeitschrift des Vereins für Socialpolitik
260 _aOxford :
_bBlackwell Publishing.
700 1 _aRudolph, Bernd
_eEd.
700 1 _aSchneider, Friedrich
_eEd.
866 0 _u2001 2/1 - 2003 4/4, 2004 5/2 - 2010 11/2
942 _cJ
999 _c5512
_d5512